| 000 -LEADER |
| fixed length control field |
00986cam a22002774a 4500 |
| 005 - DATE AND TIME OF LATEST TRANSACTION |
| control field |
20131003045640.0 |
| 008 - FIXED-LENGTH DATA ELEMENTS--GENERAL INFORMATION |
| fixed length control field |
001122s2001 au a b 000 0 eng |
| 020 ## - INTERNATIONAL STANDARD BOOK NUMBER |
| International Standard Book Number |
3211835938 |
| 041 #0 - LANGUAGE CODE |
| Language code of text/sound track or separate title |
eng |
| 080 ## - UNIVERSAL DECIMAL CLASSIFICATION NUMBER |
| Universal Decimal Classification number |
004 |
| 245 00 - TITLE STATEMENT |
| Title |
Symbolic algebraic methods and verification methods |
| Statement of responsibility, etc |
Göetz Alefeld ... [et al.] (eds.). |
| 260 ## - |
| -- |
Wien ; |
| -- |
New York : |
| -- |
Springer, |
| -- |
c2001. |
| 300 ## - |
| -- |
ix, 266 p. : |
| -- |
ill. ; |
| -- |
25 cm. |
| 490 1# - |
| -- |
SpringerMathematics |
| 504 ## - BIBLIOGRAPHY, ETC. NOTE |
| Bibliography, etc |
Includes bibliographical references. |
| 650 #0 - |
| -- |
Shkenca e infromacionit |
| 650 #0 - |
| -- |
Kompjuterat |
| 650 #0 - |
| -- |
Aritmetika |
| 650 #0 - |
| -- |
Floating-point arithmetic. |
| 650 #0 - |
| -- |
Numerical calculations |
| -- |
Verification. |
| 700 1# - |
| -- |
Alefeld, Gotz, |
| -- |
1941- |
| 830 #0 - |
| -- |
Springer mathematics |
| 856 42 - |
| -- |
Publisher description |
| -- |
http://www.loc.gov/catdir/enhancements/fy0816/00067105-d.html |
| 856 41 - |
| -- |
Table of contents only |
| -- |
http://www.loc.gov/catdir/enhancements/fy0816/00067105-t.html |
| 942 ## - ADDED ENTRY ELEMENTS (KOHA) |
| Source of classification or shelving scheme |
|
| Item type |
Books |